000 00823cam a2200265 4500
001 30649
003 BD-RjUL
005 20211209051609.0
008 140410s1969 enk 001 0 eng d
020 _a0710063229
035 _aCURL 980075409094(LCo) from rjmc013
035 _a(BD-RjUL )30736
040 _aUkOxU
_beng
_cUkOxU
_dBD-RjUL
041 _aeng
082 _a171
_bSTM 1969
100 1 _aStocks, J. L.
_q(John Leofric),
_d1882-1937.
_993122
245 1 0 _aMorality and purpose /
_cby J. L. Stocks; edited with an introduction by D.Z. Phillips.
260 _aLondon :
_bRoutledge & Kegan Paul,
_c1969.
300 _aviii, 131 p. ;
_c23 cm.
490 0 _aStudies in ethics and the philosophy of religion
650 0 _aEthics.
_993123
942 _2ddc
_cBK
999 _c30649
_d30649